000 00742nam a2200241Ia 4500
005 20260121112709.0
008 8068 260114s9999 xx 000 0 eng d
020 _a9789812701800
037 _aEBOOK
040 _aCRL
_beng
_cCRL
041 _aeng
_2eng
084 _qCRL
100 _aSchneider-Muntau Hans J Et Al
_9961759
245 0 _aMaterials Processing in Magnetic Fields - Proceedings of the International Workshop on Materials Analysis and Processing in Magnetic Fields
260 _bWorld Scientific
260 _bWSPC
260 _c2005
650 _aPhysics
_9961760
856 _uhttps://www.worldscientific.com/worldscibooks/10.1142/5858#t=toc
942 _cEBOOK
999 _c1545368
_d1545368